Les campus de Sciences Po - Statistiques

Statistiques générales
  • Ce quiz a été pris 156 fois
  • Le résultat moyen est 5 sur 7
Statistiques - réponses
Programme Campus % Correct
Programme général Paris
99%
Moyen Orient-méditerranée Menton
74%
Europe-Amérique du Nord et Europe-Afrique Reims
74%
Européen franco-allemand Nancy
72%
Europe-Asie Le Havre
71%
Europe centrale et orientale Dijon
68%
Euro latino-américain Poitiers
62%
Aucun quiz correspondant
Distribution des résultats
% des personnes avec chaque résultat
Percentile par nombre de réponses
Votre historique - résultats
Vous n’avez pas pris ce quiz